Limites da democracia /
Պահպանված է:
| Հիմնական հեղինակ: | |
|---|---|
| Այլ հեղինակներ: | , |
| Ձևաչափ: | Անհայտ |
| Լեզու: | Portuguese |
| Հրապարակվել է: |
Brasil :
Editora Universitária UFPE
|
| Ցուցիչներ: |
Ավելացրեք ցուցիչ
Չկան պիտակներ, Եղեք առաջինը, ով նշում է այս գրառումը!
|
MARC
| LEADER | 00000 a2200000 04500 | ||
|---|---|---|---|
| 001 | 45921 | ||
| 003 | cru CIDCACS/IIS | ||
| 005 | 20180829093235.0 | ||
| 008 | 050630s2008 bl por d | ||
| 999 | |c 15867 |d 15867 | ||
| 020 | |a 978-85-7315-513-6 | ||
| 022 | |a 978-85-7315-513-6 | ||
| 040 | |c cru CIDCACS/IIS | ||
| 090 | |a 04.04.02 M386l | ||
| 100 | |a Martins, Paulo Henrique, |e organizador | ||
| 245 | |a Limites da democracia / |c Paulo Henriques Martins, Aécio Matos, Breno Fontes | ||
| 260 | |a Brasil : |b Editora Universitária UFPE | ||
| 700 | |a Matos, Aécio | ||
| 700 | |a Fontes, Breno | ||
| 942 | |2 ddc |c LI | ||



